• 首页
  • 本馆介绍
  • 公告通知
  • 最新文献
  • 馆藏检索
  • 电子资源
  • 读者导购
  • 参考咨询
  • 我的图书馆
  • 登录
  • 详细信息显示
  • 放入我的书架
  • 预约/预借图书
  • 作者相关作品
  • 分类相关作品
  • 丛书相关作品
  • 出版社相关作品

书目信息

  • 表格格式
  • 工作单格式
  • 卡片格式
题名:
第二次鸦片战争在天津
    
 
作者: 赵地 , 卞僧慧 编
分册:  
出版信息: 天津   天津人民出版社  1983
页数: 32页
开本: 19cm
丛书名: 天津历史小丛书
单 册:
中图分类: K255.06
科图分类:
主题词: 第二次鸦片战争(1856~1860)--天津 , 地方史--天津
电子资源:
ISBN:
000 00772nam2 2200277 45
001 0183003429
005 20060802112638.45
010    @dCNY0.12
091    @aCN@b11072.133
100    @a19950704d1983 em y0chiy0121 ea
101 0  @achi
102    @aCN@b120000
105    @ay z 000yy
200 10 @a第二次鸦片战争在天津@Adi er ci ya pian zhan zheng zai tian jin@f卞僧慧, 赵地编
210    @a天津@c天津人民出版社@d1983
215    @a32页@d19cm
225 2  @a天津历史小丛书
410  0 @120010@a天津历史小丛书
606    @a第二次鸦片战争(1856~1860)@y天津
606    @a地方史@y天津
690    @aK255.06@v3
701  0 @a赵地@Azhao di@4编
701  0 @a卞僧慧@Abian sang hui@4编
801  2 @aCN@bNLC@c20060802
801  0 @aCN@bTSSF
905    @a10447@dK255.06@e39
    
    第二次鸦片战争在天津/卞僧慧, 赵地编.-天津:天津人民出版社,1983
    32页;19cm.-(天津历史小丛书)
    
    
    ISBN :CNY0.12
    
●
相关链接 在E读中查询图书 在五车中查询图书 在当当中查询图书 在豆瓣中查询图书


正题名:第二次鸦片战争在天津     索取号:K255.06/39         预约/预借

序号 登录号 条形码 馆藏地/架位号 状态 备注
1 0444254   204442549   密集书库/ [索取号:K255.06/39] 在馆    
唐山师范学院图书馆 欢迎您!
大连网信软件有限公司© 版权所有